[Event "Pfalz op-B 10th"]
[Site "Neustadt an der Weinstrasse"]
[Date "2019.03.04"]
[Round "6"]
[White "Bashylina, Luisa"]
[Black "Gutzen, Werner"]
[Result "1/2-1/2"]
[WhiteElo "1798"]
[BlackElo "1871"]
[PlyCount "43"]
[EventDate "2019.03.01"]
[EventType "swiss"]
[EventRounds "7"]
[EventCountry "GER"]
[SourceTitle "CBM 189 Extra"]
[Source "ChessBase"]
[SourceDate "2019.06.03"]
[SourceVersion "1"]
[SourceVersionDate "2019.06.03"]
[SourceQuality "1"]

1. e4 c6 2. d4 d5 3. e5 c5 4. dxc5 e6 5. Nf3 Bxc5 6. a3 a5 7. Bd3 Ne7 8. 0-0 Bd7 9. Qe2 Ng6 10. Be3 Qb6 11. Bxc5 Qxc5 12. Qd2 Qc7 13. Re1 Bc6 14. Qe3 Nd7 15. Nbd2 0-0 16. h4 Qb6 17. Qxb6 Nxb6 18. g3 Nd7 19. Nb3 Rfc8 20. h5 Ne7 21. c3 a4 22. Nfd4 1/2-1/2

[Event "Pfalz op-B 10th"]
[Site "Neustadt an der Weinstrasse"]
[Date "2019.03.02"]
[Round "3"]
[White "Gutzen, Werner"]
[Black "Strieck, Christian"]
[Result "1/2-1/2"]
[WhiteElo "1871"]
[BlackElo "1716"]
[PlyCount "70"]
[EventDate "2019.03.01"]
[EventType "swiss"]
[EventRounds "7"]
[EventCountry "GER"]
[SourceTitle "CBM 189 Extra"]
[Source "ChessBase"]
[SourceDate "2019.06.03"]
[SourceVersion "1"]
[SourceVersionDate "2019.06.03"]
[SourceQuality "1"]

1. e4 e6 2. d4 d5 3. exd5 exd5 4. c4 Bb4+ 5. Nc3 Ne7 6. a3 Bxc3+ 7. bxc3 Nbc6 8. Bd3 Bf5 9. Bxf5 Nxf5 10. Qf3 Nfe7 11. cxd5 Qxd5 12. Bf4 Qxf3 13. Nxf3 Nd5 14. Bd2 f6 15. 0-0 0-0-0 16. Rab1 Na5 17. Rfc1 Nc4 18. g3 Rhe8 19. Kf1 Re6 20. Be1 Ra6 21. Ra1 Rdd6 22. Nd2 Nxd2+ 23. Bxd2 Nb6 24. Re1 Kd7 25. Ke2 Re6+ 26. Kd3 Rxe1 27. Bxe1 Ra4 28. Bd2 Nc4 29. Bc1 b5 30. Rb1 c6 31. Rb4 Rxb4 32. axb4 Ke6 33. h3 h5 34. f3 f5 35. Bf4 Kd5 1/2-1/2

[Event "Pfalz op-B 9th"]
[Site "Neustadt an der Weinstrasse"]
[Date "2018.02.10"]
[Round "2"]
[White "Liu, Sijia Anna"]
[Black "Gutzen, Werner"]
[Result "0-1"]
[WhiteElo "1737"]
[BlackElo "1845"]
[PlyCount "100"]
[EventDate "2018.02.09"]
[EventType "swiss"]
[EventRounds "7"]
[EventCountry "GER"]
[SourceTitle "CBM 182 Extra"]
[Source "ChessBase"]
[SourceDate "2018.02.23"]
[SourceVersion "1"]
[SourceVersionDate "2018.02.23"]
[SourceQuality "1"]

1. e4 c6 2. d4 d5 3. Nc3 dxe4 4. Nxe4 Bf5 5. Ng3 Bg6 6. h4 h6 7. Nf3 Nd7 8. h5 Bh7 9. Bd3 Bxd3 10. Qxd3 e6 11. Bd2 Ngf6 12. 0-0-0 Be7 13. Kb1 0-0 14. c4 a5 15. Nh4 Ng4 16. Qe2 Nxf2 17. Qxf2 Bxh4 18. Qf3 Qf6 19. Qg4 Bxg3 20. Qxg3 Kh7 21. Rh4 Qf5+ 22. Ka1 Nf6 23. Rdh1 Ne4 24. Qe3 Nxd2 25. Qxd2 Rad8 26. Rf4 Qg5 27. g4 Kg8 28. Re1 e5 29. Rf2 Qxd2 30. Rxd2 Rxd4 31. Rxd4 exd4 32. Kb1 f5 33. Rg1 fxg4 34. Rxg4 c5 35. a3 Rf3 36. Re4 Kf7 37. Re5 b6 38. Rd5 g5 39. hxg6+ Kxg6 40. Re5 h5 41. Kc1 h4 42. Re1 h3 43. Rh1 Kf5 44. Kd1 Re3 45. Rg1 h2 46. Rh1 Rh3 47. Ke2 Rb3 48. Ke1 Rxb2 49. Kf1 Kf4 50. a4 Ke3 0-1

[Event "Rheinland Pfalz op 9th"]
[Site "Lambsheim"]
[Date "2017.06.17"]
[Round "6"]
[White "Kopf, Rainer"]
[Black "Gutzen, Werner"]
[Result "1/2-1/2"]
[WhiteElo "1989"]
[BlackElo "1868"]
[PlyCount "43"]
[EventDate "2017.06.15"]
[EventType "swiss"]
[EventRounds "7"]
[EventCountry "GER"]
[SourceTitle "CBM 178 Extra"]
[Source "ChessBase"]
[SourceDate "2017.06.22"]
[SourceVersion "1"]
[SourceVersionDate "2017.06.22"]
[SourceQuality "1"]

1. d4 f5 2. Nc3 Nf6 3. Bg5 d5 4. Bxf6 exf6 5. e3 Be6 6. Bd3 g6 7. Nge2 c6 8. Nf4 Bf7 9. h4 h5 10. Qd2 Nd7 11. a3 Bd6 12. g3 Qc7 13. b4 Kf8 14. Na4 Kg7 15. Kf1 b5 16. Nc5 Nxc5 17. bxc5 Bxf4 18. gxf4 a5 19. c3 Kh7 20. Rg1 Rhg8 21. Ke2 Be6 22. Kf3 1/2-1/2

[Event "Rheinland Pfalz op 9th"]
[Site "Lambsheim"]
[Date "2017.06.15"]
[Round "2"]
[White "Roelle, Philipp"]
[Black "Gutzen, Werner"]
[Result "1-0"]
[WhiteElo "2062"]
[BlackElo "1868"]
[PlyCount "65"]
[EventDate "2017.06.15"]
[EventType "swiss"]
[EventRounds "7"]
[EventCountry "GER"]
[SourceTitle "CBM 178 Extra"]
[Source "ChessBase"]
[SourceDate "2017.06.22"]
[SourceVersion "1"]
[SourceVersionDate "2017.06.22"]
[SourceQuality "1"]

1. d4 f5 2. g3 e6 3. Bg2 Nf6 4. Nf3 Be7 5. 0-0 d6 6. c4 0-0 7. Nc3 Ne4 8. Nxe4 fxe4 9. Nd2 d5 10. f3 Bf6 11. e3 exf3 12. Nxf3 c6 13. Qc2 dxc4 14. Qxc4 Qd5 15. Qc2 Qh5 16. Bd2 Nd7 17. Bb4 Re8 18. Rf2 Nb6 19. e4 Qb5 20. Bc3 Qh5 21. Raf1 Bd7 22. Bb4 Qb5 23. Bc3 Na4 24. Bd2 Nb6 25. b3 Qh5 26. Bb4 Rac8 27. a4 Rcd8 28. Bd6 Bc8 29. Bc5 Be7 30. Ne5 Bxc5 31. Qxc5 Nd7 32. Nxd7 Bxd7 33. Qxh5 1-0

[Event "Pfalz op-B 8th"]
[Site "Neustadt an der Weinstrasse"]
[Date "2017.02.25"]
[Round "3"]
[White "Koellner, Aaron Noah"]
[Black "Gutzen, Werner"]
[Result "1/2-1/2"]
[WhiteElo "1788"]
[BlackElo "1875"]
[PlyCount "89"]
[EventDate "2017.02.24"]
[EventType "swiss"]
[EventRounds "7"]
[EventCountry "GER"]
[SourceTitle "CBM 177 Extra"]
[Source "ChessBase"]
[SourceDate "2017.04.27"]
[SourceVersion "1"]
[SourceVersionDate "2017.04.27"]
[SourceQuality "1"]

1. d4 f5 2. Bg5 Nf6 3. e3 e6 4. h4 Be7 5. Nd2 d6 6. Bc4 Nc6 7. c3 Bd7 8. Nh3 d5 9. Bd3 Ne4 10. Nxe4 fxe4 11. Bc2 Bxg5 12. Qh5+ g6 13. Qxg5 Qxg5 14. hxg5 e5 15. Ke2 exd4 16. exd4 Bxh3 17. Rxh3 Kf8 18. Bb3 Ne7 19. c4 dxc4 20. Bxc4 Nf5 21. Rd1 Rd8 22. d5 Kg7 23. Bb3 h5 24. Bc2 Nd6 25. Rc3 Rd7 26. Ba4 b5 27. Bb3 Rf8 28. Rdc1 Ne8 29. Rc5 Rdf7 30. Rf1 Rf5 31. Rxb5 Rxg5 32. g3 e3 33. Rb8 exf2 34. Rxf2 Rxf2+ 35. Kxf2 Nf6 36. Rb7 Nxd5 37. Rxa7 Kf6 38. a4 Rf5+ 39. Ke2 Re5+ 40. Kd2 Ke7 41. Rb7 Kd6 42. Bc2 Nb6 43. b4 Rg5 44. a5 Nc4+ 45. Kc3 1/2-1/2

[Event "Rheinland Pfalz op 7th"]
[Site "Frankenthal"]
[Date "2015.06.06"]
[Round "4"]
[White "Gutzen, Werner"]
[Black "Muckle, Julius"]
[Result "0-1"]
[WhiteElo "1929"]
[BlackElo "2129"]
[PlyCount "52"]
[EventDate "2015.06.04"]
[EventType "swiss"]
[EventRounds "7"]
[EventCountry "GER"]
[SourceTitle "EXT 2017"]
[Source "ChessBase"]
[SourceDate "2016.10.25"]
[SourceVersion "1"]
[SourceVersionDate "2016.10.25"]
[SourceQuality "1"]

1. e4 e6 2. d4 d5 3. exd5 exd5 4. c4 Nf6 5. Nc3 c6 6. cxd5 cxd5 7. Bd3 Nc6 8. Nge2 h6 9. 0-0 Bd6 10. a3 0-0 11. Bb5 Re8 12. Bf4 Bf5 13. Bxd6 Qxd6 14. Ng3 Bg6 15. Rc1 Rac8 16. Qd2 a6 17. Bxc6 Rxc6 18. Na2 Rec8 19. Rxc6 Qxc6 20. Rc1 Qd7 21. Rxc8+ Qxc8 22. f3 h5 23. Qc3 Qe6 24. Kf2 h4 25. Nf1 Qf5 26. Ne3 Ne4+ 0-1

[Event "Rheinland Pfalz op 7th"]
[Site "Frankenthal"]
[Date "2015.06.06"]
[Round "6"]
[White "Hauch, Joerg"]
[Black "Gutzen, Werner"]
[Result "1-0"]
[WhiteElo "2074"]
[BlackElo "1929"]
[PlyCount "65"]
[EventDate "2015.06.04"]
[EventType "swiss"]
[EventRounds "7"]
[EventCountry "GER"]
[SourceTitle "EXT 2017"]
[Source "ChessBase"]
[SourceDate "2016.10.25"]
[SourceVersion "1"]
[SourceVersionDate "2016.10.25"]
[SourceQuality "1"]

1. d4 d5 2. c4 e6 3. Nf3 Nf6 4. Nc3 Be7 5. Bg5 0-0 6. e3 h6 7. Bh4 Ne4 8. Bxe7 Qxe7 9. Qb3 Nxc3 10. Qxc3 c6 11. b4 Nd7 12. a4 Re8 13. Be2 dxc4 14. Bxc4 Nb6 15. Rb1 Nxa4 16. Qa1 Nb6 17. Ba2 Bd7 18. 0-0 Red8 19. Rfe1 Be8 20. e4 a6 21. Re3 f6 22. Qc3 Bf7 23. g4 Rab8 24. h4 Nd7 25. Kh1 e5 26. Bxf7+ Qxf7 27. g5 hxg5 28. hxg5 exd4 29. Nxd4 Qh5+ 30. Rh3 Qf7 31. g6 Qxg6 32. Qc4+ Kf8 33. Rh8+ 1-0

[Event "Moehnesee Cup-A 37th"]
[Site "Moehnesee"]
[Date "2011.09.04"]
[Round "6"]
[White "Gutzen, Werner"]
[Black "Effertz, Josef"]
[Result "1/2-1/2"]
[WhiteElo "1822"]
[BlackElo "2037"]
[PlyCount "35"]
[EventDate "2011.09.01"]
[EventType "swiss"]
[EventRounds "7"]
[EventCountry "GER"]
[SourceTitle "EXT 2013"]
[Source "ChessBase"]
[SourceDate "2012.11.22"]
[SourceVersion "1"]
[SourceVersionDate "2012.11.22"]
[SourceQuality "1"]

1. b3 e5 2. Bb2 d6 3. e3 Nf6 4. c4 Bf5 5. Nc3 Nc6 6. a3 Be7 7. d4 exd4 8. exd4 d5 9. c5 0-0 10. Bb5 Na5 11. Nf3 a6 12. Be2 Ne4 13. 0-0 Bf6 14. Ne5 Bxe5 15. dxe5 d4 16. Nxe4 Bxe4 17. Bd3 Bxd3 18. Qxd3 1/2-1/2

[Event "Moehnesee Cup-A 37th"]
[Site "Moehnesee"]
[Date "2011.09.02"]
[Round "2"]
[White "Dyballa, Gerhard"]
[Black "Gutzen, Werner"]
[Result "1/2-1/2"]
[WhiteElo "1997"]
[BlackElo "1822"]
[PlyCount "49"]
[EventDate "2011.09.01"]
[EventType "swiss"]
[EventRounds "7"]
[EventCountry "GER"]
[SourceTitle "EXT 2013"]
[Source "ChessBase"]
[SourceDate "2012.11.22"]
[SourceVersion "1"]
[SourceVersionDate "2012.11.22"]
[SourceQuality "1"]

1. c4 c6 2. e4 d5 3. cxd5 cxd5 4. exd5 Nf6 5. Bb5+ Bd7 6. Bc4 Qc7 7. Bb3 Nxd5 8. Bxd5 Qe5+ 9. Qe2 Qxd5 10. Nf3 Bb5 11. Qe5 Qxe5+ 12. Nxe5 e6 13. Nc3 Ba6 14. d4 Nc6 15. Nxc6 bxc6 16. Bf4 0-0-0 17. 0-0-0 Be7 18. Rhe1 Bc4 19. Kb1 Rd7 20. b3 Bd5 21. Nxd5 Rxd5 22. Re5 Rhd8 23. Rxd5 Rxd5 24. Rc1 Kb7 25. Rc4 1/2-1/2